000 00481nam a2200193Ia 4500
005 20250508151720.0
008 008 250505s9999 xx 000 0 eng d
037 _aTextual
040 _aFEDL
_beng
_cFEDL
041 _aeng
_2eng
084 _a342, CHA
_qFEDL
100 _aChafee Zechariah
245 0 _aDocuments on foundamental human rights
260 _c1954
300 _a633p.
650 _aLaw
942 _cTEXL
_h342, CHA
999 _c1331644
_d1331644